| 000 | 00893nam a22002177a 4500 | ||
|---|---|---|---|
| 003 | BD-DhUL | ||
| 005 | 20180731111824.0 | ||
| 008 | 170601r20022010bg |||| b||| 001 0 ben | ||
| 020 | _a9789848815700 | ||
| 040 |
_aBD-DhUL _cBD-DhUL |
||
| 082 |
_a305.42 _bBEB |
||
| 100 | 1 | _aবেগম, মালেকা । | |
| 245 | 1 | 0 |
_aবাংলার নারী আন্দোলন / _cমালেকা বেগম । |
| 260 |
_aঢাকা : _bইউনিভার্সিটি প্রেস, _c২০০২ (২০১০) । |
||
| 300 |
_axv, ২০৪ পৃ. ; _c২২ সেমি । |
||
| 365 |
_aBDT _b230.00 |
||
| 504 | _aগ্রন্থপঞ্জিগত তথ্য ও নির্ঘন্ট সংবলিত । | ||
| 650 | 0 |
_aনারী _xসামাজিক অবস্থান । |
|
| 650 | 0 |
_aWomen _xSocial statues. |
|
| 942 |
_2ddc _cBK |
||
| 999 |
_c203777 _d203777 |
||